Szleng nyelvi elemek a Csibe nyelvhasználatában Móricz Zsigmond : Csibe-novellák /

Elmentve itt :
Bibliográfiai részletek
Szerzők: Imre Rubenné
Móricz Zsigmond
Dokumentumtípus: Cikk
Megjelent: 2006
Sorozat:Módszertani közlemények 46 No. 2
Kulcsszavak:Nyelvtudomány, Irodalomelmélet
Online Access:http://acta.bibl.u-szeged.hu/28765
LEADER 00707nab a2200193 i 4500
001 acta28765
005 20210222081511.0
008 161017s2006 hu o 0|| hun d
022 |a 1219-0608 
040 |a SZTE Egyetemi Kiadványok Repozitórium  |b hun 
041 |a hun 
100 1 |a Imre Rubenné 
245 1 0 |a Szleng nyelvi elemek a Csibe nyelvhasználatában   |h [elektronikus dokumentum] :  |b Móricz Zsigmond : Csibe-novellák /  |c  Imre Rubenné 
260 |c 2006 
300 |a 64-69 
490 0 |a Módszertani közlemények  |v 46 No. 2 
695 |a Nyelvtudomány, Irodalomelmélet 
700 0 1 |a Móricz Zsigmond  |e aut 
856 4 0 |u http://acta.bibl.u-szeged.hu/28765/1/modszertani_046_002_064-069.pdf  |z Dokumentum-elérés